Catálogo

El mundo de Sofía : (Registro nro. 26550)

Detalles MARC
000 -LEADER
fixed length control field 01436cam a2200373 i 4500
001 - CONTROL NUMBER
control field 26550
003 - CONTROL NUMBER IDENTIFIER
control field Mx-PuUPA
005 - DATE AND TIME OF LATEST TRANSACTION
control field 20240410103742.0
008 - FIXED-LENGTH DATA ELEMENTS--GENERAL INFORMATION
fixed length control field 140415s1998 mx gr 000 f spa d
020 ## - INTERNATIONAL STANDARD BOOK NUMBER
International Standard Book Number 9683915159
Qualifying information rústica
040 ## - CATALOGING SOURCE
Original cataloging agency Mx-PuUPA
Language of cataloging spa
Transcribing agency Mx-PuUPA
Modifying agency Mx-PuUPA
Description conventions rda
041 1# - LANGUAGE CODE
Language code of text/sound track or separate title spa
Language code of original eng
100 1# - MAIN ENTRY--PERSONAL NAME
Personal name Gaarder, Jostein,
Dates associated with a name 1952-
9 (RLIN) 1627
240 10 - UNIFORM TITLE
Uniform title Sofies verden.
Language of a work Español
245 13 - TITLE STATEMENT
Title El mundo de Sofía :
Remainder of title novela sobre la historia de la filosofía /
Statement of responsibility, etc. Jostein Gaarder ; traducción, Kirsti Baggethun y Asunción Lorenzo
250 ## - EDITION STATEMENT
Edition statement Primera edición
264 #1 - PRODUCTION, PUBLICATION, DISTRIBUTION, MANUFACTURE, AND COPYRIGHT NOTICE
Place of production, publication, distribution, manufacture México, D. F. :
Name of producer, publisher, distributor, manufacturer Editorial Patria,
Date of production, publication, distribution, manufacture, or copyright notice 1998
300 ## - PHYSICAL DESCRIPTION
Extent 638 páginas ;
Dimensions 21 cm
336 ## - CONTENT TYPE
Fuente rdacontent
Content type term texto
Content type code txt
337 ## - MEDIA TYPE
Source rdamedia
Media type term sin medio
Media type code n
338 ## - CARRIER TYPE
Source rdacarrier
Carrier type term volumen
Carrier type code nc
545 ## - BIOGRAPHICAL OR HISTORICAL DATA
Biographical or historical data Reimpresiones: (Décimo quinta, 2005) ; (Décima sexta, 2006).
650 #7 - SUBJECT ADDED ENTRY--TOPICAL TERM
Topical term or geographic name entry element Autores noruegos
Chronological subdivision Siglo XX
Source of heading or term armarc
650 #7 - SUBJECT ADDED ENTRY--TOPICAL TERM
Topical term or geographic name entry element Filosofía
General subdivision Historia
Source of heading or term armarc
650 #7 - SUBJECT ADDED ENTRY--TOPICAL TERM
Topical term or geographic name entry element Literatura noruega
Chronological subdivision Siglo XX
Source of heading or term armarc
650 #7 - SUBJECT ADDED ENTRY--TOPICAL TERM
Topical term or geographic name entry element Novela noruega
Chronological subdivision Siglo XX
Source of heading or term armarc
700 1# - ADDED ENTRY--PERSONAL NAME
Personal name Baggethun, Kirsti,
Relator term traductor
700 1# - ADDED ENTRY--PERSONAL NAME
Personal name Lorenzo, Asunción,
Relator term traductor
765 08 - ORIGINAL LANGUAGE ENTRY
Main entry heading Gaarder, Jostein, 1952-
Place, publisher, and date of publication Oslo : H. Aschehoug & Co., ©1991
Title Sofies verden.
942 ## - ADDED ENTRY ELEMENTS (KOHA)
Source of classification or shelving scheme Dewey Decimal Classification
Koha item type Libro
Classification part 839.827
Item part G15
Existencias
Withdrawn status Lost status Source of classification or shelving scheme Damaged status Not for loan Collection code Home library Current library Shelving location Date acquired Source of acquisition Total Checkouts Total Renewals Full call number Barcode Date last seen Date last checked out Price effective from Koha item type
    Dewey Decimal Classification     General Biblioteca Karol Wojtyla Biblioteca Karol Wojtyla Sala general 03/12/2013 Compra 3 1 839.827 G15 1998 49330 03/06/2026 02/05/2026 03/12/2013 Libro